Normal view
MARC view
Entry Personal Name
001 - CONTROL NUMBER
- control field: 84041
003 - CONTROL NUMBER IDENTIFIER
- control field: dpl
005 - DATE AND TIME OF LATEST TRANSACTION
- control field: 20250811123631.0
008 - FIXED-LENGTH DATA ELEMENTS
- fixed length control field: 250811|| aca||aabn | a|a d
040 ## - CATALOGING SOURCE
- Original cataloging agency: dpl
- Transcribing agency: dpl
100 ## - HEADING--PERSONAL NAME
- Personal name: Bhattacharyya, Prabhat
670 ## - SOURCE DATA FOUND
- Source citation: Work cat.: (dpl)212992: Bhattacharyya, Prabhat, MYSTERIES OF THE GREEN PLANET, 2025
